[Event "Benidorm op U2000 17th"]
[Site "Benidorm"]
[Date "2018.12.08"]
[Round "10"]
[White "Ruiz Casado, Francisco Javier"]
[Black "Guillo Longares, Cecilia"]
[Result "1-0"]
[WhiteElo "1986"]
[BlackElo "1998"]
[PlyCount "87"]
[EventDate "2018.11.30"]
[EventType "swiss"]
[EventRounds "10"]
[EventCountry "ESP"]
[SourceTitle "EXT 2022"]
[Source "ChessBase"]
[SourceDate "2021.10.06"]
[SourceVersion "1"]
[SourceVersionDate "2021.10.06"]
[SourceQuality "1"]

1. d4 Nf6 2. c4 c5 3. d5 e6 4. Nc3 exd5 5. cxd5 d6 6. e4 g6 7. f4 Bg7 8. Bb5+ Nfd7 9. Bd3 0-0 10. Nf3 a6 11. a4 Re8 12. 0-0 Qc7 13. Ng5 h6 14. Nxf7 Kxf7 15. e5 Nf8 16. e6+ Ke7 17. f5 g5 18. f6+ Bxf6 19. Rxf6 Kxf6 20. Qh5 Rxe6 21. dxe6 Bxe6 22. Qxh6+ Kf7 23. Bxg5 Nbd7 24. Bh7 Bc4 25. Ne4 Nxh7 26. Qxh7+ Ke6 27. Qe7+ Kf5 28. Nxd6+ Kg6 29. Nxc4 Rf8 30. Rd1 Rf7 31. Qxf7+ Kxf7 32. Rxd7+ Qxd7 33. Ne5+ Ke6 34. Nxd7 Kxd7 35. h4 Ke6 36. g4 b5 37. axb5 axb5 38. h5 Kf7 39. Be3 c4 40. Bd2 Kg7 41. Kf2 Kh7 42. Ke3 Kg8 43. Kd4 Kh7 44. Kc5 1-0

[Event "ESP-ch 83rd"]
[Site "Linares"]
[Date "2018.08.22"]
[Round "3"]
[White "Galiana Fernandez, Adrian"]
[Black "Ruiz Casado, Francisco Javier"]
[Result "1-0"]
[WhiteElo "2291"]
[BlackElo "1975"]
[PlyCount "33"]
[EventDate "2018.08.20"]
[EventType "swiss"]
[EventRounds "9"]
[EventCountry "ESP"]
[SourceTitle "CBM 186 Extra"]
[Source "ChessBase"]
[SourceDate "2018.08.24"]
[SourceVersion "1"]
[SourceVersionDate "2018.08.24"]
[SourceQuality "1"]

1. e4 g6 2. d4 Bg7 3. Nf3 c6 4. c4 d5 5. e5 h5 6. Nc3 Nh6 7. Qb3 dxc4 8. Bxc4 0-0 9. e6 f6 10. 0-0 b6 11. Rd1 Ba6 12. d5 Bxc4 13. Qxc4 Qc8 14. d6 exd6 15. e7+ Rf7 16. Rxd6 Nd7 17. Qe6 1-0

[Event "ESP-ch 83rd"]
[Site "Linares"]
[Date "2018.08.20"]
[Round "1"]
[White "Tejedor Fuente, Enrique"]
[Black "Ruiz Casado, Francisco Javier"]
[Result "1-0"]
[WhiteElo "2408"]
[BlackElo "1975"]
[PlyCount "89"]
[EventDate "2018.08.20"]
[EventType "swiss"]
[EventRounds "9"]
[EventCountry "ESP"]
[SourceTitle "CBM 186 Extra"]
[Source "ChessBase"]
[SourceDate "2018.08.24"]
[SourceVersion "1"]
[SourceVersionDate "2018.08.24"]
[SourceQuality "1"]

1. e4 g6 2. d4 Bg7 3. Nc3 d5 4. Nxd5 c6 5. Ne3 Qxd4 6. Bd3 Nf6 7. Ne2 Qd8 8. 0-0 Nbd7 9. f4 Nc5 10. e5 Nd5 11. Bc4 Nxe3 12. Qxd8+ Kxd8 13. Bxe3 Be6 14. Rad1+ Kc7 15. Bxe6 Nxe6 16. f5 gxf5 17. Rxf5 f6 18. Ng3 fxe5 19. Nh5 Rhf8 20. Nxg7 Nxg7 21. Rxe5 Rae8 22. a4 Rf5 23. Bd4 b6 24. Re4 Rg5 25. h4 Rg6 26. Be5+ Kb7 27. Rd7+ Ka6 28. b4 Nf5 29. h5 Rg5 30. Bf4 Rg7 31. Re5 e6 32. b5+ cxb5 33. axb5+ Ka5 34. Rd1 Kb4 35. Bd2+ Kc4 36. Rb1 Kd4 37. Rbe1 Rg4 38. Rxf5 Reg8 39. Rf4+ Rxf4 40. Bxf4 Rf8 41. Bh6 Rf5 42. Bg7+ Kd5 43. h6 e5 44. g4 Rg5 45. Kf2 1-0

[Event "ESP-ch rapid"]
[Site "Linares"]
[Date "2018.08.19"]
[Round "5"]
[White "Ruiz Casado, Francisco Javier"]
[Black "Estremera Panos, Sergio"]
[Result "0-1"]
[WhiteElo "1975"]
[BlackElo "2337"]
[PlyCount "96"]
[EventDate "2018.08.19"]
[EventType "swiss (rapid)"]
[EventRounds "9"]
[EventCountry "ESP"]
[SourceTitle "CBM 186 Extra"]
[Source "ChessBase"]
[SourceDate "2018.08.24"]
[SourceVersion "1"]
[SourceVersionDate "2018.08.24"]
[SourceQuality "1"]

1. d4 Nf6 2. c4 e6 3. e3 d5 4. Nf3 c5 5. Nc3 a6 6. cxd5 exd5 7. dxc5 Bxc5 8. a3 Nc6 9. Be2 0-0 10. 0-0 Ba7 11. b4 d4 12. exd4 Nxd4 13. Nxd4 Bxd4 14. Qd3 Bg4 15. Bb2 Re8 16. Bxg4 Bxf2+ 17. Rxf2 Qxd3 18. Rd1 Qe3 19. Bf3 Rad8 20. Nd5 Nxd5 21. Bxd5 Rxd5 22. Rxd5 f6 23. Rd1 Rc8 24. Kf1 Qe4 25. Re1 Qd3+ 26. Kg1 Rc2 27. Rxc2 Qxc2 28. Bc1 Kf7 29. h3 h5 30. Rf1 Qc4 31. Re1 Qd4+ 32. Kh1 h4 33. Rf1 Qc4 34. Kg1 Qd5 35. Kh1 g5 36. Kg1 Kg6 37. Kh1 f5 38. Kg1 Qd4+ 39. Kh1 Qd3 40. Kg1 Qe2 41. Rf2 Qd1+ 42. Rf1 Qc2 43. Re1 g4 44. hxg4 fxg4 45. Be3 h3 46. gxh3 gxh3 47. Bf2 Qc6 48. Kf1 h2 0-1

[Event "ESP-ch rapid"]
[Site "Linares"]
[Date "2015.08.22"]
[Round "5"]
[White "Ortega Ruiz, Jose Miguel"]
[Black "Ruiz Casado, Francisco Javier"]
[Result "0-1"]
[WhiteElo "2300"]
[BlackElo "1973"]
[PlyCount "133"]
[EventDate "2015.08.22"]
[EventType "swiss (rapid)"]
[EventRounds "9"]
[EventCountry "ESP"]
[SourceTitle "EXT 2016"]
[Source "ChessBase"]
[SourceDate "2015.10.08"]
[SourceVersion "1"]
[SourceVersionDate "2015.10.08"]
[SourceQuality "1"]

1. d4 d5 2. c4 Nc6 3. Nf3 e5 4. dxe5 d4 5. g3 Bf5 6. Bg2 Qd7 7. a3 Nge7 8. b4 Ng6 9. b5 Ncxe5 10. Nxd4 0-0-0 11. e3 Nd3+ 12. Kf1 Bc5 13. Qf3 c6 14. bxc6 bxc6 15. Nxf5 Nxc1 16. Qxc6+ Qxc6 17. Bxc6 Ne7 18. Nxe7+ Bxe7 19. Bd5 Bf6 20. Kg2 Bxa1 21. Rxc1 Rd7 22. f4 Kc7 23. Nd2 Bb2 24. Rb1 Bxa3 25. Rb7+ Kc8 26. Rb5 Bc1 27. Ne4 Bxe3 28. Ng5 a6 29. Ra5 Ra7 30. Nxf7 Bb6 31. Ra4 Rf8 32. Nd6+ Kc7 33. Ne4 Rd8 34. f5 Kd7 35. g4 Ke7 36. g5 Rf8 37. f6+ gxf6 38. gxf6+ Rxf6 39. Nxf6 Kxf6 40. Kf3 a5 41. Bc6 Ke5 42. Ra2 Rf7+ 43. Kg3 Rg7+ 44. Kh4 Bd8+ 45. Kh5 Rg5+ 46. Kh6 Rg6+ 47. Kxh7 Rxc6 48. h4 Ra6 49. h5 a4 50. c5 Bf6 51. c6 Kd6 52. Kg6 Be5 53. h6 Kxc6 54. h7 Ra8 55. Kf5 Bh8 56. Rg2 Ra7 57. Rc2+ Kb5 58. Kg6 a3 59. Rc8 Be5 60. Rd8 Kb4 61. Re8 Bc3 62. Rb8+ Ka4 63. Rc8 Bg7 64. Rg8 Bb2 65. Rb8 Rg7+ 66. Kh6 Rg2 67. Rb5 0-1

[Event "ESP-ch 78th"]
[Site "Linares"]
[Date "2013.08.31"]
[Round "3"]
[White "De Prado Rodriguez, Oscar Bruno"]
[Black "Ruiz Casado, Francisco Javier"]
[Result "1-0"]
[WhiteElo "2251"]
[BlackElo "2029"]
[PlyCount "110"]
[EventDate "2013.08.29"]
[EventType "swiss"]
[EventRounds "9"]
[EventCountry "ESP"]
[SourceTitle "CBM 156 Extra"]
[Source "ChessBase"]
[SourceDate "2013.10.22"]
[SourceVersion "1"]
[SourceVersionDate "2013.10.22"]
[SourceQuality "1"]

1. d4 d5 2. Nf3 Nf6 3. e3 c5 4. c3 e6 5. Bd3 Bd6 6. 0-0 Nc6 7. Nbd2 0-0 8. dxc5 Bxc5 9. e4 Nxe4 10. Nxe4 dxe4 11. Bxe4 Qxd1 12. Rxd1 Be7 13. Bf4 Bf6 14. Rd6 e5 15. Bg3 Be7 16. Rxc6 bxc6 17. Nxe5 Bb7 18. Nxc6 Bxc6 19. Bxc6 Rad8 20. Bf4 Bd6 21. Be3 Rb8 22. b4 a6 23. a4 Be5 24. Rc1 Rbc8 25. b5 h5 26. c4 Rxc6 27. bxc6 Rc8 28. f4 Bd6 29. c5 Bf8 30. Rb1 Rxc6 31. Rb8 f6 32. a5 Kf7 33. Rb6 Rc8 34. c6 Ke6 35. Rxa6 Kd5 36. Kf2 Bd6 37. Kf3 Bc7 38. h3 g6 39. Bb6 Bd6 40. c7 g5 41. fxg5 fxg5 42. Be3 Rf8+ 43. Ke2 g4 44. hxg4 hxg4 45. Rb6 Bxc7 46. Rg6 g3 47. a6 Bd6 48. a7 Kc6 49. Bf4 Kb7 50. Bxd6 Rf2+ 51. Ke1 Rxg2 52. Bc5 Ra2 53. Rg7+ Kc6 54. Be3 g2 55. Rg8 Kd5 1-0